000 00525nam a22001817a 4500
005 20251108164941.0
008 250721s1998 xx 000 0 ara d
082 1 4 _a658/عاد
100 1 _aحسن، عادل
245 1 0 _aالإدارة مدخل الحالات /
264 1 _aالإسكندرية :
_bمؤسسة شباب الجامعة،
_c1998.
300 _a531ص
650 1 7 _aالإدارة
650 1 7 _aتقنيات الإدارة
650 1 7 _aإدارة الأعمال
942 _2ddc
_cBK
999 _c18209
_d18209